000 00294nam a2200133Ia 4500
100 _aTaylor/Openshaw
942 _cBK
654 _aAC
245 _aPerformance and design of AC commutator motors
260 _bA.H.Wheelar & Co
082 _a621.56
_bTAY
300 _a350
546 _aENGLISH
999 _c29778
_d29778